|
|
|
|
| LEADER |
00000nam0a2200000 4500 |
| 001 |
306287 |
| 005 |
20231102001859.0 |
| 035 |
|
|
|a (RuTPU)RU\TPU\book\331564
|
| 090 |
|
|
|a 306287
|
| 100 |
|
|
|a 20151005d1983 k y0rusy50 ca
|
| 101 |
0 |
|
|a rus
|
| 102 |
|
|
|a UA
|
| 105 |
|
|
|a ab z 001zy
|
| 200 |
1 |
|
|a Совершенствование управления трудовым потенциалом
|e сборник научных трудов
|f Академия наук Украинской ССР (АН УССР), Институт экономики (ИЭ) ; под ред. М. И. Долишнего
|
| 210 |
|
|
|a Киев
|c Изд-во ИЭ АН УССР
|d 1983
|
| 215 |
|
|
|a 150 с.
|c ил.
|
| 320 |
|
|
|a Библиография в ссылках.
|
| 606 |
1 |
|
|a Трудовые ресурсы
|x Управление
|2 stltpush
|3 (RuTPU)RU\TPU\subj\37115
|9 58255
|
| 610 |
1 |
|
|a трудовой потенциал
|
| 610 |
1 |
|
|a региональные особенности
|
| 610 |
1 |
|
|a концептуальные модели
|
| 610 |
1 |
|
|a сущность
|
| 610 |
1 |
|
|a закономерности развития
|
| 610 |
1 |
|
|a эффективное использование
|
| 686 |
|
|
|a У9(2)240
|v LBC/SL-A
|2 rubbk
|
| 702 |
|
1 |
|a Долишний
|b М. И.
|4 340
|
| 712 |
0 |
2 |
|a Академия наук Украинской ССР (АН УССР)
|b Институт экономики (ИЭ)
|2 stltpush
|3 (RuTPU)RU\TPU\col\11343
|
| 801 |
|
1 |
|a RU
|b 63413507
|c 20151005
|
| 801 |
|
2 |
|a RU
|b 63413507
|c 20190529
|g RCR
|
| 942 |
|
|
|c BK
|